Một chặng đường của khoa Ngữ văn và báo chí : Trường Đại học khoa học xã hội thuộc đại học Quốc gia thành phố Hồ Chí Minh /

Bewaard in:
Bibliografische gegevens
Hoofdauteur: Huỳnh Như Phương, PTS.
Formaat: Artikel
Taal:Vietnamese
Onderwerpen:
Tags: Voeg label toe
Geen labels, Wees de eerste die dit record labelt!
Thư viện lưu trữ: Thư viện Trường Đại học Đà Lạt
LEADER 00891nam a2200265 4500
001 DLU090074084
005 ##20090523
040 # # |a DLU  |b vie 
041 # # |a vie 
044 # # |a vn 
100 # # |a Huỳnh Như Phương,   |c PTS. 
245 # # |a Một chặng đường của khoa Ngữ văn và báo chí :  |b Trường Đại học khoa học xã hội thuộc đại học Quốc gia thành phố Hồ Chí Minh /  |c Huỳnh Như Phương. 
653 # # |a Khoa học xã hội 
653 # # |a Khoa ngữ văn  
653 # # |a Lịch sử phát triển  
773 # # |t Tạp chí văn học  |g Số 9, 1997, tr.31-37 
920 # # |a Phòng Tạp chí -- Trung tâm Thông tin - Thư viện Trường Đại học Đà Lạt 
994 # # |a DLU 
900 # # |a True 
911 # # |a Nguyễn Thị Linh Chi 
925 # # |a G 
926 # # |a A 
927 # # |a BB 
980 # # |a Thư viện Trường Đại học Đà Lạt